000 00605nam a2200205Ia 4500
003 IN-BaIIA
008 211028s9999 xx 000 0 eng d
020 _a0-87909-302-1
040 _cIIA Library
080 _a519.68
_bHOL
100 _aHolt., R. C.
_910261
245 0 _aFundamentals of structured programming using FORTRAN with SF/k and WATFIV-S
_cR. C. Holt and J. N. P. Hume
260 _aReston
_bReston Publications
_c1977
300 _axiii, 349p.
650 _aComputer Programming
650 _aFortran
_94275
650 _aNASA Thesaurus
700 _aHume, J. N. P.
_910262
942 _cBK
999 _c5923
_d5923